tập bài giảng kĩ thuật soạn thảo văn bản quản lí hành chính nhà nước

Saved in:
Bibliographic Details
Main Author: Nguyễn, Văn Chức
Other Authors: Hà, Thị Yến Lương
Format: Book
Published: Cần Thơ Khoa Học - Nhân văn 2014
Subjects:
Tags: Add Tag
No Tags, Be the first to tag this record!
Institutions: Trung tâm Học liệu Lê Vũ Hùng, Trường Đại học Đồng Tháp
LEADER 00912pam a22002538a 4500
001 00037406
005 20180802160811.0
008 170512s2014 ||||||Viesd
041 0 # |a Vie 
082 1 4 |a 347.597  |b T123B 
100 1 # |a Nguyễn, Văn Chức 
245 1 0 |a tập bài giảng kĩ thuật soạn thảo văn bản quản lí hành chính nhà nước  |c Nguyễn Văn Chức; Hà, Thị Yến Lương 
260 # # |a Cần Thơ  |b Khoa Học - Nhân văn  |c 2014 
300 # # |a 172tr  |c 27cm. 
653 # # |a Kỹ thuật 
653 # # |a Quản lí 
653 # # |a Văn hóa 
653 # # |a Văn Bản 
700 1 # |a Hà, Thị Yến Lương 
852 # # |b Kho mượn  |j KGT.0052662 
852 # # |j KD.0020731  |j KGT.0052662 
852 # # |b Kho đọc  |j KD.0020731 
910 |d 12/05/2017 
980 # # |a Trung tâm Học liệu Lê Vũ Hùng, Trường Đại học Đồng Tháp